平成20年代に消滅した市町村 - Statistics

General Stats
  • This quiz has been taken 29 times
    28 since last reset
  • The average score is 21 of 93
Answer Stats
消滅年月日 都道府県 郡名 市町村名 消滅事由 現市町村 % Correct
H24.01.04 愛知県 愛知郡 長久手町 市制 長久手市
67%
H26.01.01 岩手県 岩手郡 滝沢村 市制 滝沢市
67%
H28.10.10 宮城県 黒川郡 富谷町 市制 富谷市
67%
H23.11.11 石川県 石川郡 野々市町 市制 野々市市
58%
H25.01.01 千葉県 山武郡 大網白里町 市制 大網白里市
58%
H24.10.01 埼玉県 南埼玉郡 白岡町 市制 白岡市
54%
H22.03.23 鹿児島県 姶良郡 姶良町 新設 姶良市
42%
H23.04.01 愛知県 幡豆郡 吉良町 編入 西尾市
42%
H23.04.01 愛知県 幡豆郡 幡豆町 編入 西尾市
42%
H23.10.11 埼玉県 鳩ケ谷市 編入 川口市
42%
H26.04.05 栃木県 下都賀郡 岩舟町 編入 栃木市
42%
H23.01.04 埼玉県 蓮田市 改称 蓮田市
38%
H23.04.01 愛知県 幡豆郡 一色町 編入 西尾市
38%
H20.11.01 静岡県 庵原郡 由比町 編入 清水区
33%
H22.01.04 愛知県 西加茂郡 三好町 市制 みよし市
33%
H22.02.01 愛知県 宝飯郡 小坂井町 編入 豊川市
29%
H22.03.22 愛知県 海部郡 七宝町 新設 あま市
29%
H22.03.23 千葉県 印旛郡 印旛村 編入 印西市
29%
H22.03.23 千葉県 印旛郡 本埜村 編入 印西市
29%
H22.03.29 栃木県 下都賀郡 藤岡町 新設 栃木市
29%
H20.01.01 高知県 吾川郡 春野町 編入 高知市
25%
H20.11.01 静岡県 庵原郡 富士川町 編入 富士市
25%
H22.01.01 滋賀県 伊香郡 木之本町 編入 長浜市
25%
H22.01.01 滋賀県 伊香郡 西浅井町 編入 長浜市
25%
H22.03.21 滋賀県 蒲生郡 安土町 新設 近江八幡市
25%
H22.03.22 愛知県 海部郡 甚目寺町 新設 あま市
25%
H22.03.23 埼玉県 北埼玉郡 騎西町 新設 加須市
25%
H22.03.23 埼玉県 北葛飾郡 栗橋町 新設 久喜市
25%
H22.03.23 鹿児島県 姶良郡 加治木町 新設 姶良市
25%
H22.03.29 栃木県 下都賀郡 都賀町 新設 栃木市
25%
H23.08.01 島根県 八束郡 東出雲町 編入 松江市
25%
H23.09.26 岩手県 東磐井郡 藤沢町 編入 一関市
25%
H23.10.01 栃木県 上都賀郡 西方町 編入 栃木市
25%
H20.01.15 愛知県 宝飯郡 御津町 編入 豊川市
21%
H20.03.21 山口県 美祢郡 美東町 新設 美祢市
21%
H20.11.01 鹿児島県 大口市 新設 伊佐市
21%
H20.11.01 鹿児島県 伊佐郡 菱刈町 新設 伊佐市
21%
H21.03.30 宮崎県 南那珂郡 北郷町 新設 日南市
21%
H21.03.30 宮崎県 南那珂郡 南郷町 新設 日南市
21%
H22.01.01 滋賀県 伊香郡 高月町 編入 長浜市
21%
H22.01.01 滋賀県 伊香郡 余呉町 編入 長浜市
21%
H22.02.01 福岡県 八女郡 星野村 編入 八女市
21%
H22.03.23 埼玉県 北埼玉郡 北川辺町 新設 加須市
21%
H22.03.23 埼玉県 南埼玉郡 菖蒲町 新設 久喜市
21%
H22.03.23 埼玉県 北葛飾郡 鷲宮町 新設 久喜市
21%
H22.03.23 熊本県 鹿本郡 植木町 編入 熊本市
21%
H22.03.23 宮崎県 宮崎郡 清武町 編入 宮崎市
21%
H22.03.23 鹿児島県 姶良郡 蒲生町 新設 姶良市
21%
H22.03.29 栃木県 下都賀郡 大平町 新設 栃木市
21%
H22.03.31 新潟県 北魚沼郡 川口町 編入 長岡市
21%
H22.03.31 長崎県 北松浦郡 江迎町 編入 佐世保市
21%
H22.03.31 長崎県 北松浦郡 鹿町町 編入 佐世保市
21%
H23.10.01 島根県 簸川郡 斐川町 編入 出雲市
21%
H20.03.21 山口県 美祢郡 秋芳町 新設 美祢市
17%
H21.01.01 静岡県 志太郡 岡部町 編入 藤枝市
17%
H21.06.01 群馬県 多野郡 吉井町 編入 高崎市
17%
H22.01.01 長野県 上水内郡 信州新町 編入 長野市
17%
H22.01.01 滋賀県 東浅井郡 虎姫町 編入 長浜市
17%
H22.01.01 福岡県 前原市 新設 糸島市
17%
H22.01.01 福岡県 糸島郡 二丈町 新設 糸島市
17%
H22.01.01 福岡県 糸島郡 志摩町 新設 糸島市
17%
H22.02.01 福岡県 八女郡 黒木町 編入 八女市
17%
H22.02.01 福岡県 八女郡 立花町 編入 八女市
17%
H22.02.01 福岡県 八女郡 矢部村 編入 八女市
17%
H22.03.23 埼玉県 北埼玉郡 大利根町 新設 加須市
17%
H22.03.23 静岡県 富士郡 芝川町 編入 富士宮市
17%
H22.03.28 群馬県 吾妻郡 六合村 編入 中之条町
17%
H20.01.15 愛知県 宝飯郡 音羽町 編入 豊川市
13%
H20.04.01 新潟県 岩船郡 朝日村 新設 村上市
13%
H20.07.01 福島県 伊達郡 飯野町 編入 福島市
13%
H21.03.23 栃木県 芳賀郡 二宮町 編入 真岡市
13%
H21.03.31 長野県 下伊那郡 清内路村 編入 阿智村
13%
H21.05.05 群馬県 勢多郡 富士見村 編入 前橋市
13%
H22.01.01 滋賀県 東浅井郡 湖北町 編入 長浜市
13%
H22.01.16 山口県 阿武郡 阿東町 編入 山口市
13%
H22.03.08 山梨県 南巨摩郡 増穂町 新設 富士川町
13%
H22.03.08 山梨県 南巨摩郡 鰍沢町 新設 富士川町
13%
H22.03.22 愛知県 海部郡 美和町 新設 あま市
13%
H22.03.23 熊本県 下益城郡 城南町 編入 熊本市
13%
H22.03.23 宮崎県 西諸県郡 野尻町 編入 小林市
13%
H22.03.31 長野県 東筑摩郡 波田町 編入 松本市
13%
H20.04.01 新潟県 岩船郡 荒川町 新設 村上市
8%
H20.04.01 新潟県 岩船郡 神林村 新設 村上市
8%
H20.04.01 新潟県 岩船郡 山北町 新設 村上市
8%
H20.11.01 静岡県 志太郡 大井川町 編入 焼津市
8%
H21.10.01 愛知県 西春日井郡 春日町 編入 清須市
8%
H21.10.05 北海道 紋別郡 上湧別町 新設 湧別町
8%
H22.01.01 岩手県 下閉伊郡 川井村 編入 宮古市
8%
H22.01.01 長野県 上水内郡 中条村 編入 長野市
8%
H22.03.23 静岡県 浜名郡 新居町 編入 湖西市
8%
H20.04.01 静岡県 榛原郡 川根町 編入 島田市
4%
H20.10.06 熊本県 下益城郡 富合町 編入 熊本市
4%
H21.09.01 宮城県 本吉郡 本吉町 編入 気仙沼市
4%
No matching quizzes found
Score Distribution
Percent of People with Each Score
Percentile by Number Answered
Your Score History
You have not taken this quiz since the last reset